Técnica de las noticias en televisión /

Guardat en:
Dades bibliogràfiques
Autor corporatiu: CBS News
Format: Llibre
Idioma:espanyol
Publicat: México : Trillas, 1968, c1968
Etiquetes: Afegir etiqueta
Sense etiquetes, Sigues el primer a etiquetar aquest registre!

MARC

LEADER 00000nam^a2200000^a^4500
001 000590764
005 20250521000000.0
009 20260310132915.265
037 |a Acervo ITESO - Biblioteca 
041 |a ESP 
091 |a FCR. 00773 
110 |a CBS News 
245 1 0 |a Técnica de las noticias en televisión / 
264 4 |a México :  |b Trillas,  |c 1968, c1968 
300 |a 224 p. 
336 |a texto  |b txt  |2 rdacontenido 
337 |a sin mediación  |b n  |2 rdamedio 
338 |a volumen  |b nc  |2 rdasoporte 
649 |a XX 
910 |a Fondo Cristina Romo Gil 
920 |a Impresos - Libros 
930 |a Fondos Especiales 
905 |a 143 
901 |a 1100031264  |b IT2  |c ESP  |i D122915  |u 20250521 
902 |a https://opac.biblio.iteso.mx/vufind/Record/000590764